Zodpovednosť zamestnanca za škodu

Podrobná bibliografia
Hlavný autor: Tamášová Karácsonyová, Katarína (Autor)
Médium: Článok
Jazyk:slovenčina
ISSN:1337-0170
Predmet:

MARC

LEADER 00000nab a2200000 ar4500
001 vtls010592842
003 SK-MaSNL
005 20260303114558.0
008 140423c2014 xo qr|p||| |000 b|slo
015 |a SNBRB2014/04 
038 |a SPK 
040 |a SPKCL  |b slo  |c AACR2  |e AACR2 
041 0 |a slo 
044 |a xo  |c SK 
072 7 |a 331  |x Práca  |2 konspekt 
072 7 |a 34  |x Právo  |2 konspekt 
080 |a 331.106  |2 2001 
080 |a 331.108.2  |2 2001 
080 |a 347.426  |2 2001 
100 1 |a Tamášová Karácsonyová, Katarína  |4 aut  |9 437677 
245 1 0 |a Zodpovednosť zamestnanca za škodu  |c Katarína Tamášová Karácsonyová 
650 0 7 |a pracovnoprávne vzťahy  |2 snkbucl  |9 2338 
650 0 7 |a zamestnanci  |2 snkbucl  |9 16311 
650 0 7 |a škody  |2 snkbucl  |9 276699 
650 0 7 |a zodpovednosť  |2 snkbucl  |9 305682 
773 0 |t Právny kuriér pre školy  |g Roč. 9, január (2014), s. 3-6  |x 1337-0170 
852 |a SPK  |b KIS3GCP 
999 |c 1898984  |d 1900914